| 000 | 01801nam0a2200373 4500 | ||
|---|---|---|---|
| 001 | RU\NLR\bibl\1776001 | ||
| 005 | 20260405185236.0 | ||
| 010 |
_a978-5-903802-19-7 _bв обл. _9500 |
||
| 021 |
_aRU _b2011-35182 _92508 |
||
| 035 | _a(nilc)LIBNET\0000077416 | ||
| 035 | _a(NLR Aleph) 001766765 | ||
| 090 |
_a1612507 _c1612507 |
||
| 100 | _a20101027d2009 |||y0rusy50 ca | ||
| 101 | 0 | _arus | |
| 102 | _aRU | ||
| 105 | _ay ||||||||| | ||
| 200 | 1 |
_aКультурная политика России: взаимодействие государства и бизнеса _eмонография _fА.Ф. Белозор, Ф.И. Белозор _gФедер. агентство по образованию, Гос. образоват. учрежд. высш. проф. образования "Орл. регион. академия гос. службы", Брян. фил. |
|
| 210 |
_aБрянск _cИзд-во БФ ОРАГС _d2009 |
||
| 215 |
_a165 с. _cтабл. _d20 |
||
| 320 | _aБиблиогр. в подстроч. примеч. | ||
| 606 | 0 |
_aГосударство и культура _9892677 _3RU\NLR\auth\66323177 |
|
| 607 |
_aРоссийская Федерация _xКультурная политика _92349029 _3RU\NLR\auth\661403528 |
||
| 686 |
_a71.4(2) _vLBC/RL _2rubbk |
||
| 686 |
_a67.401.122 _vLBC/M _2rubbk |
||
| 686 |
_a65.497 _vLBC/M _2rubbk |
||
| 686 | _aТ3(2)74-7 | ||
| 700 | 1 |
_aБелозор _bА. Ф. _gАлина Федоровна _4070 |
|
| 701 | 1 |
_4070 _8rus _7ca _aБелозор _bФ. И. _gФедор Иванович _3RU\NLR\auth\7781596 _964524 |
|
| 801 | 0 |
_aRU _bБрянская ОНУБ _c20101027 _grcr |
|
| 801 | 1 |
_aRU _bБрянская ОНУБ _c20101027 _grcr _2rusmarc |
|
| 801 | 2 |
_aRU _bNLR _c20110603 _grcr |
|
| 942 | _cBOOK | ||
| 980 | _aNB | ||